[Event "World Blitz 2015"]
[Site "Berlin GER"]
[Date "2015.10.14"]
[Round "12.12"]
[White "Socko, Bartosz"]
[Black "Eljanov, Pavel"]
[Result "1-0"]
[WhiteTitle "GM"]
[BlackTitle "GM"]
[WhiteElo "2599"]
[BlackElo "2717"]
[WhiteFideId "1107038"]
[BlackFideId "14102951"]
[EventDate "2015.10.13"]

1. e4 c6 2. d4 d5 3. exd5 cxd5 4. Bd3 Nc6 5. c3 Nf6 6. h3 g6 7. Nf3 Bf5 8. Bxf5
gxf5 9. Bf4 e6 10. Qb3 Qd7 11. Ne5 Nxe5 12. Bxe5 Bg7 13. Nd2 Rg8 14. Nf3 Ne4 15.
O-O Bxe5 16. Nxe5 Qe7 17. Qa4+ Kf8 18. Qd7 Qxd7 19. Nxd7+ Ke7 20. Ne5 Rg7 21. f3
Nd6 22. Kf2 h5 23. Nd3 h4 24. Nf4 Nc4 25. b3 Nd6 26. Rac1 Rc8 27. Rfe1 Kd7 28.
a4 Rgg8 29. Nd3 b6 30. c4 dxc4 31. bxc4 Ke7 32. c5 bxc5 33. dxc5 Ne8 34. Rc4 Rh8
35. Rb1 Rc7 36. Rb8 Rh6 37. a5 Nf6 38. a6 Nd5 39. Rb7 Rh8 40. Nf4 Rc8 41. Nxd5+
exd5 42. Rxh4 Kd7 43. Rh7 Kc6 44. Rxf7 Rxb7 45. Rxb7 Kxc5 46. Rxa7 d4 47. Rf7
Kc4 48. a7 d3 49. Rc7+ 1-0

[Event "World Blitz 2015"]
[Site "Berlin GER"]
[Date "2015.10.14"]
[Round "12.13"]
[White "Mamedov, Rauf"]
[Black "Vovk, Yuri"]
[Result "1/2-1/2"]
[WhiteTitle "GM"]
[BlackTitle "GM"]
[WhiteElo "2657"]
[BlackElo "2617"]
[WhiteFideId "13401653"]
[BlackFideId "14113171"]
[EventDate "2015.10.13"]

1. g3 g6 2. Bg2 Bg7 3. d4 Nf6 4. e4 d6 5. Nc3 O-O 6. Nf3 Na6 7. O-O c5 8. e5 Ne8
9. Be3 cxd4 10. Bxd4 Bg4 11. exd6 Qxd6 12. Bxg7 Kxg7 13. h3 Qxd1 14. Raxd1 Bxf3
15. Bxf3 Nd6 16. Rfe1 Rfe8 17. Rd4 Rac8 18. Kg2 Nc5 19. Nd5 Ne6 20. Rb4 Rxc2 21.
Ne3 Rc7 22. Rd1 Rd8 23. h4 h5 24. a4 b6 25. Rb3 Nc4 26. Nd5 Rcd7 27. Rb4 Ne5 28.
Ne3 Nxf3 29. Rxd7 Nxh4+ 30. Rxh4 Rxd7 31. a5 b5 32. a6 Rd6 33. Rb4 Nc7 34. Rb3
Rxa6 35. Rc3 Ne6 36. Nd5 Ra2 37. b4 Ng5 38. Rc7 e6 39. Nf4 Kf6 40. Nd3 Ne4 41.
Kf3 Nd2+ 42. Ke3 Nc4+ 43. Kd4 Ra3 44. Nc5 e5+ 45. Kd5 Rf3 46. Rxa7 Kg7 47. Ne4
Kh6 48. Rb7 f5 49. Nf6 Rd3+ 50. Ke6 Rd6+ 51. Ke7 Rd2 52. Rxb5 Rxf2 53. Rc5 Na3
54. Rxe5 Rb2 55. Nd5 Nc4 56. Re6 Rb3 57. Kf6 Nd2 58. Ne7 Ne4+ 59. Ke5 Rxg3 60.
Nxf5+ Kg5 61. Nxg3 Nxg3 62. b5 h4 63. b6 h3 64. Re8 h2 65. Rh8 Nh5 66. b7 h1=Q
67. b8=Q Qh2+ 68. Ke4 Nf6+ 69. Kd3 Qxb8 70. Rxb8 Kf5 71. Kd4 g5 72. Rb1 Ke6 73.
Rf1 Nh5 74. Rf2 Nf6 75. Rf3 Nh5 76. Rb3 Nf6 77. Rb5 Nh7 78. Ke4 Nf6+ 79. Kf3 Nh7
80. Kg4 Nf6+ 81. Kxg5 Nd5 82. Kg4 Nf6+ 83. Kf3 Nd5 84. Ra5 Nf6 85. Kf4 Nd5+ 86.
Ke4 Nf6+ 87. Kd4 Ng4 88. Rg5 Nf6 89. Re5+ Kd6 90. Re1 Nd5 91. Rf1 Ke6 92. Ra1
Nf6 93. Ra5 Ng4 94. Ra6+ Kf5 95. Ra8 Ke6 96. Re8+ Kf5 97. Re1 Nf6 1/2-1/2

[Event "World Blitz 2015"]
[Site "Berlin GER"]
[Date "2015.10.14"]
[Round "12.14"]
[White "Fedoseev, Vladimir3"]
[Black "Nguyen, Ngoc Truong Son"]
[Result "0-1"]
[WhiteTitle "GM"]
[BlackTitle "GM"]
[WhiteElo "2659"]
[BlackElo "2634"]
[WhiteFideId "24130737"]
[BlackFideId "12401110"]
[EventDate "2015.10.13"]

1. Nf3 Nf6 2. b3 d6 3. Bb2 e5 4. g3 Be7 5. Bg2 O-O 6. O-O h6 7. d3 Be6 8. e4 Nc6
9. Nbd2 Qd7 10. Nc4 Bh3 11. Ne3 Bxg2 12. Kxg2 Rfe8 13. h4 Bf8 14. c4 Ng4 15. Nd5
Nd8 16. d4 exd4 17. Nxd4 Rxe4 18. Qf3 Re8 19. Nf5 h5 20. Rae1 Nc6 21. Qf4 Nce5
22. Bxe5 Rxe5 23. Rxe5 dxe5 24. Qg5 g6 25. Qxg4 Qxd5+ 26. cxd5 hxg4 27. Ne3 f5
28. h5 Kg7 29. Rc1 Bd6 30. hxg6 Kxg6 31. Nc4 Rf8 32. Na5 b6 33. Nb7 f4 34. Rc6
Rf6 35. Nd8 f3+ 36. Kf1 Kf5 37. Ne6 Rh6 38. Kg1 Rh7 39. Rc4 c5 40. a4 e4 41. Rc3
Be5 42. Rc2 e3 43. fxe3 Bxg3 44. e4+ Ke5 45. Rd2 f2+ 46. Kg2 Rh2+ 47. Kxg3 f1=N+
48. Kxg4 Rxd2 49. Nc7 0-1

[Event "World Blitz 2015"]
[Site "Berlin GER"]
[Date "2015.10.14"]
[Round "12.16"]
[White "Cheparinov, Ivan"]
[Black "Zvjaginsev, Vadim"]
[Result "1/2-1/2"]
[WhiteTitle "GM"]
[BlackTitle "GM"]
[WhiteElo "2681"]
[BlackElo "2660"]
[WhiteFideId "2905540"]
[BlackFideId "4113403"]
[EventDate "2015.10.13"]

1. d4 Nf6 2. c4 c5 3. d5 b5 4. cxb5 a6 5. bxa6 g6 6. Nc3 Bxa6 7. Nf3 d6 8. e4
Bxf1 9. Kxf1 Bg7 10. g3 O-O 11. Kg2 Na6 12. Qe2 Qb6 13. Rd1 Qb7 14. Rb1 Nc7 15.
b3 Qa6 16. Qc2 Nb5 17. Nxb5 Qxb5 18. a4 Qb7 19. Bd2 e6 20. Bc3 exd5 21. Bxf6
dxe4 22. Bxg7 exf3+ 23. Kg1 Kxg7 24. Rxd6 Rfe8 25. Qc3+ Kg8 26. Rd3 Rxa4 27.
Rxf3 c4 28. bxa4 Qxb1+ 29. Kg2 Qe4 30. Qf6 Qb7 31. h4 h5 32. Kh2 Ra8 33. Re3 Qd5
34. Re7 Rf8 35. Rc7 Qd3 36. Qf4 c3 37. Qe3 Qxe3 38. fxe3 Ra8 39. Rxc3 1/2-1/2

[Event "World Blitz 2015"]
[Site "Berlin GER"]
[Date "2015.10.14"]
[Round "12.17"]
[White "Bartel, Mateusz"]
[Black "Wojtaszek, Radoslaw"]
[Result "0-1"]
[WhiteTitle "GM"]
[BlackTitle "GM"]
[WhiteElo "2622"]
[BlackElo "2734"]
[WhiteFideId "1112635"]
[BlackFideId "1118358"]
[EventDate "2015.10.13"]

1. e4 c5 2. Nf3 d6 3. d4 cxd4 4. Nxd4 Nf6 5. Nc3 a6 6. Qd3 Nbd7 7. Be2 e6 8. O-O
Be7 9. Qg3 O-O 10. Bh6 Ne8 11. Be3 Qc7 12. a4 b6 13. f4 Bb7 14. Bf3 Kh8 15. Rad1
Nef6 16. f5 e5 17. Nb3 b5 18. axb5 axb5 19. Qf2 b4 20. Nb5 Qc6 21. Na7 Qc4 22.
Na5 Qc7 23. Ra1 Nxe4 24. Qe2 Ndf6 25. Nb5 Qd7 26. Nxb7 Qxb7 27. c4 bxc3 28. Nxc3
d5 29. Bxe4 dxe4 30. Rab1 Bb4 31. Rfd1 Bxc3 32. bxc3 Qc6 33. c4 Ra3 34. h3 Rfa8
35. Bg5 h6 36. Bxf6 gxf6 37. Rd5 Rg8 38. Qxe4 Ra2 39. g4 Ra4 40. Rc1 Qc7 41. Kg2
Ra2+ 42. Kg3 Qa7 43. c5 Qa3+ 44. Rd3 Qxc1 45. c6 Qf4+ 46. Qxf4 exf4+ 47. Kxf4
Rc2 48. Rd6 Rc8 49. Kg3 R2xc6 50. Rd7 Kg7 51. Kh4 Rc3 52. Rd4 Re3 53. Rd2 Rcc3
54. Rh2 Rf3 55. Rh1 Rce3 56. Rh2 h5 57. Rh1 hxg4 58. hxg4 Re8 0-1

[Event "World Blitz 2015"]
[Site "Berlin GER"]
[Date "2015.10.14"]
[Round "12.18"]
[White "Bogdanovich, Stanislav"]
[Black "Kovalenko, Igor"]
[Result "0-1"]
[WhiteTitle "IM"]
[BlackTitle "GM"]
[WhiteElo "2590"]
[BlackElo "2700"]
[WhiteFideId "14115298"]
[BlackFideId "14117908"]
[EventDate "2015.10.13"]

1. d4 d5 2. c4 c6 3. Nf3 Nf6 4. e3 Bg4 5. h3 Bh5 6. Be2 e6 7. O-O Nbd7 8. b3 a5
9. Bb2 Bd6 10. Nc3 O-O 11. Rc1 Qe7 12. Re1 Rad8 13. Nd2 Bg6 14. Bf3 Bb4 15. Qe2
e5 16. cxd5 e4 17. Bg4 cxd5 18. Bxd7 Rxd7 19. Rc2 Bf5 20. Rec1 Qe6 21. Na4 b6
22. Rc6 Rd6 23. Rxd6 Bxd6 24. Rc6 Bh2+ 25. Kxh2 Qxc6 26. Nf1 Bd7 27. Ng3 Rc8 28.
Qa6 Rb8 29. Ba3 Qb7 30. Qe2 Bxa4 31. bxa4 Qd7 32. Qd1 g6 33. Qb3 Kg7 34. Ne2
Qc7+ 35. Kg1 Re8 36. Nc3 Qc4 37. Qxc4 dxc4 38. Bd6 Nd7 39. Kf1 f5 40. Ke2 Kf7
41. Kd2 Ke6 42. Bc7 Rc8 43. Nb5 g5 44. Kc3 Kd5 45. Bh2 f4 46. exf4 Rf8 47. Nc7+
Kc6 48. Ne6 Re8 49. d5+ Kb7 50. fxg5 Nf8 51. Nd4 Ng6 52. Kxc4 Rc8+ 53. Nc6 Ne7
54. Kd4 Nxc6+ 55. dxc6+ Rxc6 56. h4 Rc2 57. Bg3 Rxa2 58. h5 Rxa4+ 59. Kd5 Rb4
60. Be5 Rb5+ 61. Ke6 a4 62. g6 hxg6 63. h6 Rxe5+ 64. Kxe5 a3 0-1

[Event "World Blitz 2015"]
[Site "Berlin GER"]
[Date "2015.10.14"]
[Round "12.19"]
[White "Anand, Viswanathan"]
[Black "Kravtsiv, Martyn"]
[Result "1/2-1/2"]
[WhiteTitle "GM"]
[BlackTitle "GM"]
[WhiteElo "2803"]
[BlackElo "2621"]
[WhiteFideId "5000017"]
[BlackFideId "14113147"]
[EventDate "2015.10.13"]

1. e4 e5 2. Nf3 Nc6 3. Bb5 a6 4. Ba4 Nf6 5. O-O Be7 6. d3 b5 7. Bb3 d6 8. a3 O-O
9. Nc3 Na5 10. Ba2 Be6 11. b4 Bxa2 12. Rxa2 Nc6 13. Nd5 Nxd5 14. exd5 Nd4 15.
Nxd4 exd4 16. Qg4 Bf6 17. a4 a5 18. axb5 axb4 19. Rb2 Ra4 20. Bd2 Qa8 21. Qd7
Ra7 22. Qc6 Rb8 23. Rxb4 h6 24. g3 Rb6 25. Qxa8+ Rxa8 26. Rfb1 Rb7 27. Kg2 Kf8
28. Kf3 Ke8 29. h4 Kd7 30. h5 Re8 31. b6 Re5 32. Rb5 Rxh5 33. Bf4 Rxb6 34. Rxb6
cxb6 35. Rb5 Be5 36. g4 Rh3+ 37. Kg2 Rh4 38. Bxe5 dxe5 39. Kg3 Rh1 40. Rxb6 f6
41. Kf3 Rc1 42. Rb7+ Kd6 43. Rxg7 Kxd5 44. Rg6 1/2-1/2

[Event "World Blitz 2015"]
[Site "Berlin GER"]
[Date "2015.10.14"]
[Round "12.24"]
[White "Safarli, Eltaj"]
[Black "Dreev, Aleksey"]
[Result "1/2-1/2"]
[WhiteTitle "GM"]
[BlackTitle "GM"]
[WhiteElo "2657"]
[BlackElo "2644"]
[WhiteFideId "13402129"]
[BlackFideId "4100107"]
[EventDate "2015.10.13"]

1. e4 c6 2. d4 d5 3. e5 Bf5 4. h4 Qc7 5. Nc3 a6 6. Be3 h6 7. g4 Bd7 8. f4 h5 9.
gxh5 Nh6 10. Bh3 Bxh3 11. Nxh3 e6 12. Qf3 c5 13. dxc5 Nf5 14. O-O-O Nd7 15. Kb1
Nxc5 16. Ng5 O-O-O 17. Bf2 Kb8 18. Qe2 Rc8 19. Rh3 b5 20. a3 Nb7 21. Nxd5 exd5
22. Rc3 Qd7 23. Rxc8+ Kxc8 24. Qf3 d4 25. c3 Bc5 26. Ne4 Bb6 27. cxd4 Kb8 28. d5
Bxf2 29. Nxf2 Rc8 30. d6 Qc6 31. Qd3 Nxh4 32. f5 Nf3 33. e6 fxe6 34. fxe6 Ne5
35. Qe4 Qxe4+ 36. Nxe4 Nc6 37. d7 Rh8 38. Ng5 Nbd8 39. Re1 Ne7 40. Rf1 Kc7 41.
Nf7 Nxf7 42. Rxf7 Kd6 43. Rxg7 Kxe6 44. h6 Kxd7 45. h7 Ke6 46. Ka2 Kf6 47. Rg1
Rxh7 48. Kb3 Nd5 49. Re1 Rh3+ 50. Kc2 Re3 51. Rh1 Ke7 52. Rh6 Re6 53. Rh7+ Kd6
54. Kd3 Kc5 55. b4+ Kc6 56. Kd4 Re4+ 57. Kd3 Rf4 58. Rh6+ Rf6 59. Rh8 Nb6 60.
Rh7 Nc4 61. a4 Nb2+ 62. Kd4 Nxa4 63. Ke5 Rg6 64. Kf5 Rd6 65. Ke5 Nb6 66. Ra7
Nc4+ 67. Ke4 Kb6 1/2-1/2

[Event "World Blitz 2015"]
[Site "Berlin GER"]
[Date "2015.10.14"]
[Round "12.25"]
[White "Moiseenko, Alexander"]
[Black "Alekseev, Evgeny"]
[Result "1/2-1/2"]
[WhiteTitle "GM"]
[BlackTitle "GM"]
[WhiteElo "2692"]
[BlackElo "2642"]
[WhiteFideId "14102560"]
[BlackFideId "4138147"]
[EventDate "2015.10.13"]

1. d4 Nf6 2. c4 e6 3. Nf3 b6 4. g3 Bb7 5. Bg2 Be7 6. O-O O-O 7. Nc3 Ne4 8. Nxe4
Bxe4 9. Ne1 Bxg2 10. Nxg2 d5 11. Qa4 dxc4 12. Qxc4 c5 13. dxc5 Bxc5 14. Be3 Nd7
15. Rfd1 Qe7 16. Qa4 Rfd8 17. Rac1 Bxe3 18. Nxe3 Nc5 19. Qa3 h6 20. b4 Ne4 21.
Qb2 1/2-1/2

[Event "World Blitz 2015"]
[Site "Berlin GER"]
[Date "2015.10.14"]
[Round "12.26"]
[White "Meier, Georg"]
[Black "Lagno, Kateryna"]
[Result "0-1"]
[WhiteTitle "GM"]
[BlackTitle "GM"]
[WhiteElo "2654"]
[BlackElo "2523"]
[WhiteFideId "4675789"]
[BlackFideId "14109336"]
[EventDate "2015.10.13"]

1. Nf3 g6 2. e4 d6 3. d4 Nf6 4. Nc3 Bg7 5. Be2 O-O 6. O-O c6 7. Bf4 Nbd7 8. h3
Qa5 9. a3 e5 10. dxe5 dxe5 11. Be3 Qc7 12. Bc4 b5 13. Ba2 a5 14. Re1 Bb7 15. Nd2
Rfd8 16. Qc1 b4 17. Ne2 c5 18. Ng3 Nf8 19. Nc4 Ne6 20. Bh6 Nd4 21. Bxg7 Kxg7 22.
c3 bxc3 23. bxc3 Ne6 24. Rb1 Bc6 25. Qe3 h5 26. Nd2 Nf4 27. Nf3 Qe7 28. Ng5 Rd3
29. Qc1 Be8 30. Rb6 Rad8 31. Qb1 h4 32. Nf1 N6h5 33. Nf3 Nxh3+ 34. gxh3 Rxf3 35.
Nh2 Rxh3 36. Qc1 Nf4 37. Kh1 Nd3 0-1

[Event "World Blitz 2015"]
[Site "Berlin GER"]
[Date "2015.10.14"]
[Round "12.27"]
[White "Munoz Pantoja, Miguel"]
[Black "Korobov, Anton"]
[Result "0-1"]
[WhiteTitle "GM"]
[BlackTitle "GM"]
[WhiteElo "2441"]
[BlackElo "2700"]
[WhiteFideId "3800229"]
[BlackFideId "14105730"]
[EventDate "2015.10.13"]

1. e4 c5 2. g3 g6 3. Bg2 Bg7 4. Ne2 Nc6 5. c3 e5 6. d3 Nge7 7. Be3 b6 8. d4 exd4
9. cxd4 cxd4 10. Nxd4 Ba6 11. Qa4 Qc8 12. Nc3 O-O 13. O-O-O b5 14. Qc2 b4 15.
Na4 Ne5 16. Kb1 d6 17. Bf1 Bb7 18. Bg2 Qd7 19. Ne2 Rac8 20. Qb3 Qb5 21. Nd4 Qa5
22. Bd2 N7c6 23. Nc2 Qb5 24. Bf1 Qa5 25. Bg2 Ng4 26. Rhf1 Nxh2 27. Nxb4 Nxf1 28.
Rxf1 Nxb4 29. Bxb4 Qa6 30. Rd1 Rfe8 31. Bxd6 Qe2 32. Qd3 Qxd3+ 33. Rxd3 Bxe4 34.
Bxe4 Rxe4 35. a3 Re2 36. f3 h5 37. Bc5 Bxb2 38. Nxb2 Rxc5 39. Rb3 Rg5 40. f4 Rd5
41. Kc1 Kg7 42. Na4 Rg2 43. Re3 Ra5 44. Nb2 Rc5+ 0-1

[Event "World Blitz 2015"]
[Site "Berlin GER"]
[Date "2015.10.14"]
[Round "12.28"]
[White "Huzman, Alexander"]
[Black "Melkumyan, Hrant"]
[Result "0-1"]
[WhiteTitle "GM"]
[BlackTitle "GM"]
[WhiteElo "2580"]
[BlackElo "2622"]
[WhiteFideId "2803828"]
[BlackFideId "13302485"]
[EventDate "2015.10.13"]

1. Nf3 Nf6 2. c4 c5 3. Nc3 Nc6 4. g3 g6 5. d4 cxd4 6. Nxd4 Bg7 7. Bg2 O-O 8. O-O
d6 9. e3 Bg4 10. f3 Bd7 11. b3 Qa5 12. Bd2 Rfc8 13. Qe2 Rab8 14. f4 a6 15. Rfd1
Bg4 16. Bf3 Qh5 17. Be1 Nxd4 0-1

[Event "World Blitz 2015"]
[Site "Berlin GER"]
[Date "2015.10.14"]
[Round "12.29"]
[White "Bruzon Batista, Lazaro"]
[Black "Gajewski, Grzegorz"]
[Result "1-0"]
[WhiteTitle "GM"]
[BlackTitle "GM"]
[WhiteElo "2659"]
[BlackElo "2654"]
[WhiteFideId "3503739"]
[BlackFideId "1116207"]
[EventDate "2015.10.13"]

1. e4 c5 2. Nf3 e6 3. d3 Nc6 4. g3 Nf6 5. Bg2 Be7 6. O-O O-O 7. c4 d6 8. Nc3 Bd7
9. h3 Nd4 10. Nxd4 cxd4 11. Ne2 e5 12. a4 a5 13. f4 Bc6 14. b3 Nd7 15. Ba3 Nc5
16. f5 Bg5 17. h4 Be3+ 18. Kh2 f6 19. Qc2 Qb6 20. Rab1 Rac8 21. Bf3 Qc7 22. Bh5
b6 23. Qd1 Nxe4 24. dxe4 Bxe4 25. Bf3 Bxf3 26. Rxf3 Qb7 27. Rf1 Rfd8 28. Bc1 d5
29. cxd5 Rxd5 30. Qd3 Rdd8 31. Bxe3 e4 32. Qb5 dxe3 33. Rbc1 Rd2 34. Kh3 h5 35.
Rxc8+ Qxc8 36. Rc1 Qd8 37. Nf4 Kh7 38. Qc4 Qd7 39. Qe6 Rh2+ 40. Kxh2 Qd2+ 41.
Ng2 Qxc1 42. Qxe4 Qf1 43. Qxe3 Qxf5 44. Qxb6 Qd5 45. Qb5 Qf3 46. Qxa5 Kh6 47.
Qb4 g5 48. a5 gxh4 49. Qf4+ 1-0

[Event "World Blitz 2015"]
[Site "Berlin GER"]
[Date "2015.10.14"]
[Round "12.30"]
[White "Fridman, Daniel"]
[Black "Iturrizaga Bonelli, Eduardo"]
[Result "1-0"]
[WhiteTitle "GM"]
[BlackTitle "GM"]
[WhiteElo "2649"]
[BlackElo "2641"]
[WhiteFideId "11600454"]
[BlackFideId "3901211"]
[EventDate "2015.10.13"]

1. d4 Nf6 2. Nf3 b6 3. g3 Bb7 4. c4 g6 5. Bg2 Bg7 6. O-O O-O 7. d5 b5 8. Qb3 a6
9. Nc3 c6 10. e4 Qc8 11. cxb5 axb5 12. Rd1 Na6 13. Be3 d6 14. dxc6 Bxc6 15. Nd4
Nc5 16. Qc2 b4 17. Nxc6 Qxc6 18. e5 Qc8 19. exf6 exf6 20. Bxa8 bxc3 21. Bd5 cxb2
22. Qxb2 1-0

[Event "World Blitz 2015"]
[Site "Berlin GER"]
[Date "2015.10.14"]
[Round "12.31"]
[White "Swiercz, Dariusz"]
[Black "Fressinet, Laurent"]
[Result "0-1"]
[WhiteTitle "GM"]
[BlackTitle "GM"]
[WhiteElo "2620"]
[BlackElo "2702"]
[WhiteFideId "1126881"]
[BlackFideId "608742"]
[EventDate "2015.10.13"]

1. e4 e5 2. Nf3 Nc6 3. Bb5 a6 4. Ba4 Nf6 5. O-O Be7 6. d3 d6 7. c3 O-O 8. Re1
Re8 9. Nbd2 Bf8 10. Nf1 h6 11. h3 b5 12. Bc2 d5 13. Ng3 Be6 14. Qe2 d4 15. Bd2
Nd7 16. cxd4 exd4 17. Nh5 Nb6 18. Nf4 Bc8 19. Bb3 a5 20. Rac1 Bb7 21. Nd5 Nd7
22. Nf4 Nce5 23. Nxe5 Nxe5 24. a4 Ba6 25. Bxa5 bxa4 26. Bxa4 Qg5 27. Bxe8 Qxf4
28. Bc6 Ra7 29. Bd2 Qf6 30. Bd5 Nxd3 31. Bc4 Nxc1 32. Rxc1 Bxc4 33. Qxc4 c5 34.
f3 Rb7 35. b3 Qb6 36. Rb1 Qb5 37. Qd5 c4 38. Qxb5 Rxb5 39. Kf1 c3 40. Be1 c2 41.
Rc1 d3 42. b4 Rxb4 43. Kf2 Rb1 44. Bd2 Bc5+ 45. Kg3 Ba3 0-1

[Event "World Blitz 2015"]
[Site "Berlin GER"]
[Date "2015.10.14"]
[Round "12.33"]
[White "Navara, David"]
[Black "Inarkiev, Ernesto"]
[Result "0-1"]
[WhiteTitle "GM"]
[BlackTitle "GM"]
[WhiteElo "2734"]
[BlackElo "2660"]
[WhiteFideId "309095"]
[BlackFideId "4162722"]
[EventDate "2015.10.13"]

1. d4 d5 2. c4 c6 3. cxd5 cxd5 4. Nc3 Nf6 5. Bf4 Nc6 6. e3 a6 7. Bd3 e6 8. Rc1
Bd6 9. Bxd6 Qxd6 10. f4 O-O 11. Nf3 b6 12. Ne5 Bb7 13. O-O Ne7 14. Qf3 Rac8 15.
g4 Qb4 16. Rc2 Ne4 17. a3 Qb3 18. Rfc1 f6 19. Nd7 Rfd8 20. Nxe4 dxe4 21. Rxc8
Rxc8 22. Rxc8+ Bxc8 0-1

[Event "World Blitz 2015"]
[Site "Berlin GER"]
[Date "2015.10.14"]
[Round "12.36"]
[White "Rublevsky, Sergei"]
[Black "Khairullin, Ildar"]
[Result "1/2-1/2"]
[WhiteTitle "GM"]
[BlackTitle "GM"]
[WhiteElo "2702"]
[BlackElo "2652"]
[WhiteFideId "4115309"]
[BlackFideId "4151348"]
[EventDate "2015.10.13"]

1. e4 e5 2. Bc4 Nf6 3. d3 Nc6 4. Nc3 Bb4 5. Ne2 d5 6. exd5 Nxd5 7. O-O Bxc3 8.
Nxc3 Nxc3 9. bxc3 O-O 10. f4 exf4 11. Bxf4 Na5 12. Bb3 Nxb3 13. axb3 Be6 14. Qf3
c6 15. Qg3 f6 16. Bd6 Re8 17. c4 Kh8 18. c5 Qd7 19. h3 Bf7 20. Rf2 Re6 21. Qg4
a6 22. Kh2 Rae8 23. c4 Bg6 24. d4 Qf7 25. Qg3 Re3 26. Rf3 Rxf3 27. Qxf3 Be4 28.
Qg3 Qh5 29. Re1 h6 30. Bf8 Qg6 31. Qxg6 Bxg6 32. Rxe8 Bxe8 1/2-1/2

[Event "World Blitz 2015"]
[Site "Berlin GER"]
[Date "2015.10.14"]
[Round "12.37"]
[White "Motylev, Alexander"]
[Black "Riazantsev, Alexander"]
[Result "1-0"]
[WhiteTitle "GM"]
[BlackTitle "GM"]
[WhiteElo "2649"]
[BlackElo "2646"]
[WhiteFideId "4121830"]
[BlackFideId "4125029"]
[EventDate "2015.10.13"]

1. e4 e6 2. d4 d5 3. e5 c5 4. c3 Nc6 5. Nf3 Qb6 6. a3 f6 7. Bd3 fxe5 8. Nxe5 Nf6
9. O-O Bd6 10. dxc5 Bxc5 11. Qe2 Nxe5 12. Qxe5 O-O 13. Qe2 Kh8 14. b4 Bd6 15. c4
dxc4 16. Bxc4 e5 17. Be3 Qc7 18. h3 e4 19. Nd2 Qe7 20. Bd4 Bf5 21. Rfe1 a6 22.
Nf1 Bg6 23. Ne3 Nh5 24. Nd5 Qg5 25. Qg4 Qxg4 26. hxg4 Nf4 27. Nxf4 Bxf4 28. Bc5
Rfe8 29. Bd5 Rab8 30. Re2 b6 31. Be3 Bxe3 32. Rxe3 Rbd8 33. Bb7 a5 34. bxa5 bxa5
35. Rae1 Rd4 36. f3 h6 37. Bxe4 Bxe4 38. Rxe4 Rexe4 39. Rxe4 Rd5 40. Kf2 Rd2+
41. Ke3 Rxg2 42. Ra4 Kh7 43. Rxa5 Kg6 44. a4 Ra2 45. Kf4 Kf6 46. Ra6+ Kf7 47.
Kf5 Rc2 48. Ra7+ Kg8 49. a5 Rc5+ 50. Ke4 Rc4+ 51. Ke5 Rc5+ 52. Kd4 Rc1 53. Rb7
Ra1 54. Rb5 Kf7 55. Kc5 g6 56. Kb6 1-0

[Event "World Blitz 2015"]
[Site "Berlin GER"]
[Date "2015.10.14"]
[Round "12.38"]
[White "Bindrich, Falko"]
[Black "Akopian, Vladimir"]
[Result "1-0"]
[WhiteTitle "GM"]
[BlackTitle "GM"]
[WhiteElo "2594"]
[BlackElo "2648"]
[WhiteFideId "4676670"]
[BlackFideId "13300032"]
[EventDate "2015.10.13"]

1. d4 Nf6 2. Nf3 g6 3. Bf4 Bg7 4. h3 O-O 5. e3 d6 6. Bh2 b6 7. Be2 Bb7 8. O-O
Nbd7 9. c4 c5 10. Nc3 cxd4 11. Nxd4 a6 12. Bf3 Qc8 13. Nd5 Nxd5 14. cxd5 Bxd4
15. Qxd4 Qc5 16. Qh4 Ne5 17. Qxe7 Nxf3+ 18. gxf3 Bxd5 19. e4 Be6 20. Bxd6 Qd4
21. Rfd1 Qxb2 22. Qg5 f6 23. Qf4 Rf7 24. Rab1 Qxa2 25. Rxb6 Bxh3 26. Bc5 g5 27.
Qe3 Rc8 28. Rbd6 Qc2 29. Bb4 Kg7 30. e5 Qf5 31. exf6+ Kg6 32. R6d5 Qe6 33. Qxg5# 1-0

[Event "World Blitz 2015"]
[Site "Berlin GER"]
[Date "2015.10.14"]
[Round "12.39"]
[White "Bluebaum, Matthias"]
[Black "Jumabayev, Rinat"]
[Result "1-0"]
[WhiteTitle "GM"]
[BlackTitle "GM"]
[WhiteElo "2588"]
[BlackElo "2606"]
[WhiteFideId "24651516"]
[BlackFideId "13702661"]
[EventDate "2015.10.13"]

1. d4 Nf6 2. c4 e6 3. g3 c5 4. Nf3 cxd4 5. Nxd4 Nc6 6. Bg2 Bc5 7. Nb3 Bb4+ 8.
Bd2 Be7 9. O-O b6 10. Nc3 Ba6 11. Nb5 O-O 12. Bf4 d5 13. Nc7 Bxc4 14. Nxa8 Qxa8
15. Rc1 Bb5 16. Re1 Qb7 17. Nd4 Nxd4 18. Qxd4 Bc5 19. Qd2 Qe7 20. a3 a5 21. Be3
Nd7 22. Bxc5 Nxc5 23. Rc3 Rd8 24. e3 a4 25. Rd1 h6 26. Qd4 Be2 27. Rd2 Ba6 28.
Qb4 Qa7 29. e4 Bb7 30. exd5 exd5 31. Re3 Bc6 32. h4 Qb7 33. Rde2 Qb8 34. Qd4 Nb3
35. Qg4 Bb5 36. Re1 d4 37. Re7 Qd6 38. Qf4 Qxf4 39. gxf4 d3 40. Rd1 d2 41. Bf1
Bc6 42. Re3 b5 43. Rd3 Re8 44. Rxb3 axb3 45. Rxd2 Kf8 46. Rd3 Re4 47. Rxb3 Rxf4
48. Bxb5 Rg4+ 49. Kf1 Bg2+ 50. Ke2 Rxh4 51. a4 1-0

[Event "World Blitz 2015"]
[Site "Berlin GER"]
[Date "2015.10.14"]
[Round "12.41"]
[White "Milanovic, Danilo"]
[Black "Sasikiran, Krishnan"]
[Result "0-1"]
[WhiteTitle "GM"]
[BlackTitle "GM"]
[WhiteElo "2469"]
[BlackElo "2639"]
[WhiteFideId "915483"]
[BlackFideId "5004985"]
[EventDate "2015.10.13"]

1. d4 Nf6 2. c4 g6 3. f3 Bg7 4. e4 d6 5. Nc3 O-O 6. Bg5 c5 7. d5 h6 8. Be3 e6 9.
Qd2 exd5 10. cxd5 Re8 11. Nge2 h5 12. Nf4 Nbd7 13. Be2 Ne5 14. O-O Bd7 15. a4 a6
16. a5 b5 17. axb6 Qxb6 18. Rfb1 Qb7 19. b3 Bb5 20. Nxb5 axb5 21. b4 c4 22. Bd4
Bh6 23. Kh1 Rxa1 24. Rxa1 Ra8 25. Rxa8+ Qxa8 26. g3 h4 27. Kg2 Qa3 28. Qb2 Qxb2
29. Bxb2 Nfd7 30. Bd4 hxg3 31. hxg3 Bg7 32. Be3 Nb8 33. Bb6 Na6 34. Ba5 Nd7 35.
Bc7 Nxc7 0-1

[Event "World Blitz 2015"]
[Site "Berlin GER"]
[Date "2015.10.14"]
[Round "12.42"]
[White "Demuth, Adrien"]
[Black "Salem, A.R. Saleh"]
[Result "1-0"]
[WhiteTitle "GM"]
[BlackTitle "GM"]
[WhiteElo "2545"]
[BlackElo "2624"]
[WhiteFideId "642274"]
[BlackFideId "9301348"]
[EventDate "2015.10.13"]

1. d4 Nf6 2. c4 g6 3. Nc3 d5 4. cxd5 Nxd5 5. e4 Nxc3 6. bxc3 Bg7 7. Nf3 c5 8.
Rb1 O-O 9. Be2 b6 10. O-O Bb7 11. Qd3 e6 12. Bg5 Qc7 13. d5 exd5 14. exd5 Nd7
15. c4 Rfe8 16. a4 Nf6 17. a5 Ne4 18. Be3 Bc8 19. Rfc1 Bf5 20. axb6 axb6 21. Qb3
Nc3 22. Rb2 Nxe2+ 23. Rxe2 Bg4 24. Rb1 Qd7 25. Ree1 Bxf3 26. gxf3 Qf5 27. Kg2
Be5 28. Qxb6 Rab8 29. Qc6 Rbc8 30. Qa4 Qh5 31. h3 Bd6 32. Bd2 Red8 33. Re4 Qf5
34. Rbe1 Bf8 35. Re8 Rxe8 36. Rxe8 Rxe8 37. Qxe8 Kg7 38. Bh6+ Kxh6 39. Qxf8+ Kh5
40. Qxc5 Qe5 41. Qe3 Qb2 42. Qe4 f5 43. Qf4 Qb3 44. h4 h6 45. d6 Qd3 46. c5 Qd5
47. Qe3 Qc6 48. Qd4 Qd7 49. c6 Qxc6 50. d7 1-0